00581nam a22001577a 450000500170000001000130001702000270003003500130005703700110007008200130008110000370009424500740013126000710020527000940027630000530037020250109111309.0 aB-761600 c750.00a 9788188135882 aB-761600 b adpl a363.7392 aराय, मिथिलेश1 aवायु प्रदूषण /cमिथिलेश राय aदिल्लीbअनुरोध प्रकाशनc2023 a डी-75 बी, निहाल विहारbनई दिल्लीe 110041k  a256 पृ.c22सेमी (सजिल्द)